000
00288nam a2200121Ia 4500
008
190216s9999||||xx |||||||||||||| ||und||
100
_a
Earl S Huyser
245
0
_a
Methods In Free Radical Chemistry
260
_b
Marcel Dekker
_c
1972
300
_a
172p
650
_a
Chemistry
942
_c
BK
999
_c
2430
_d
2430